000 00353nam a2200145Ia 4500
008 260624s2022 xx 000 0 und d
020 _a9781204285846
041 _aeng
082 _a610
100 _aLoscalzo
245 _aHarrisons Principles of Internal Medicine
250 _a21th ed
260 _bMC Graw Hill2022
_c2022
650 _aMedicine
999 _c1222527
_d1222527